000 00811nam a2200241Ia 4500
003 GCL
005 20240530110746.0
008 140319s9999 xx 000 0 ara d
040 _aGCL /
_cGCL
082 0 4 _a415.1\
_bس ش
100 1 _aالسيرافى ، ابى سعيد
245 1 0 _aشرح كتاب سيبوية /
_cمحمود فهمى حجازى
260 _aالقاهرة :
_bالهيئة المصرية العامة للكتاب ،
_c1990
300 _a2 مج
490 _aمركز تحقيق التراث
_v0
650 0 4 _aالادب العربى
650 0 4 _aالنحو
650 0 4 _aاللغة العربية
700 1 _aرمضان عبدالتواب
700 1 _aمحمد هاشم عبدالدايم
700 1 _aابوسعيد الحسين بن الحسين
942 _2ddc
_cBK
999 _c64709
_d64709